000
00266nam a2200097Ia 4500
001
1251695
005
20251031150920.0
008
251031s9999 xx 000 0 und d
245
0
_c
DİPPER PİNES
_a
Ş-1 DIPPERİN VE MALEİN GİZEM REHBERİ
260
_b
BETA YAYINLARI
999
_c
1251695
_d
1251695